Antikolízny radar
Na minha lista:
| Autor principal: | |
|---|---|
| Outros Autores: | |
| Formato: | Manuscrito Livro |
| Idioma: | eslovaco |
| Publicado em: |
2016
|
| Assuntos: | |
| Acesso em linha: | http://is.stuba.sk/zp/portal_zp.pl?podrobnosti=131051 |
| Tags: |
Sem tags, seja o primeiro a adicionar uma tag!
|
MARC
| LEADER | 00000ntm a22000003a 4500 | ||
|---|---|---|---|
| 001 | stuzp51873 | ||
| 003 | SK-STU | ||
| 005 | 20160721115005.6 | ||
| 007 | ta | ||
| 008 | 150427s2015----xo-----f-mn---000-0-slo-d | ||
| 040 | |a STU |b slo | ||
| 041 | 0 | |a slo | |
| 044 | |a xo | ||
| 100 | 1 | |a Potočný, Miroslav |u 033000 |k Z4 |4 aut |U FEI Fakulta elektrotechniky a informatiky |T FEI Ústav elektroniky a fotoniky |X 8572 |U E030 |Y 549 |7 A000008572 | |
| 242 | 0 | 1 | |a Anticollision radar |y eng |
| 245 | 1 | 0 | |a Antikolízny radar |
| 260 | |c 2016 | ||
| 300 | |a 63 s. | ||
| 650 | 4 | |a mikrovlnný návrh |2 slo | |
| 650 | 4 | |a mikropásikové vedenie |2 slo | |
| 650 | 4 | |a radar |2 slo | |
| 650 | 4 | |a radar |2 eng | |
| 650 | 4 | |a microwave design |2 eng | |
| 650 | 4 | |a microstrip transmission line |2 eng | |
| 700 | 1 | |a Tomáška, Martin |u 033000 |k Z1 |4 ths |U FEI Fakulta elektrotechniky a informatiky |T FEI Ústav elektroniky a fotoniky |X 1942 |U E030 |Y 549 |7 A000001942 | |
| 856 | 4 | |u http://is.stuba.sk/zp/portal_zp.pl?podrobnosti=131051 | |
| 996 | |b 284EP11348 |c E*DIPL- 11348 |l EE33 |s P |a 0 |w stuzp51873_0001 | ||
| SQL | |a stuzp51873 |b DDP |c SLO |d Antikolízny radar |e 8572 |f Potočný, Miroslav |g 033000 |h 1942 |i Tomáška, Martin |j 20160614 |k 1172 |l 03 |m http://is.stuba.sk/zp/portal_zp.pl?podrobnosti=131051 |n I-EN |o 5.2.13. elektronika | ||